| 000 | 00974cam a22002655a 4500 | ||
|---|---|---|---|
| 001 | 17667554 | ||
| 005 | 20150824110020.0 | ||
| 008 | 130320t2014 moua frbd 001 0 eng d | ||
| 020 | _a9780323100953 (pbk.) | ||
| 040 |
_aDNLM/DLC _cDLC _dDLC _dEG-ScBUE _beng |
||
| 082 | 0 | 4 |
_a610.285 _222 _bHEA |
| 245 | 1 | 0 |
_aHealth informatics : _ban interprofessional approach / _c[edited by] Ramona Nelson, Nancy Staggers. |
| 260 |
_aMissouri : _bElsevier Mosby, _cc.2014. |
||
| 300 |
_axxiii, 535 p. : _bill. (col.) ; _c28 cm. |
||
| 500 | _aGlossary : p. 509-515. | ||
| 500 | _aIndex : p. 517-535. | ||
| 500 | _aEvolve study resources free with new textbook purchase. | ||
| 504 | _aIncludes bibliographical references. | ||
| 650 | 7 |
_aMedical informatics. _936271 _2BUEsh |
|
| 653 |
_bNNUR _cOctober2014 _cApril2015 _cAugust2015 |
||
| 655 |
_vreading book _934232 |
||
| 700 | 1 |
_aNelson, Ramona, _eeditor. _936272 |
|
| 700 | 1 |
_aStaggers, Nancy, _eeditor. _936273 |
|
| 942 |
_2ddc _k610.285 HEA |
||
| 999 |
_c18472 _d18444 |
||